000 00923nam a22002897a 4500
001 4692
003 FISKH
005 20240923081209.0
008 240923b cb ||||| |||| 00| 0 eng d
020 _a9780340894606
040 _aFISKH
_beng
_cFISKH
_dFISKH
050 _aPZ7.B629
082 _2823.912
100 _aBlyton, Enid
_d(1897–1968)
245 _aFive go off to camp /
_cEnid Blyton
250 _aThis edition 2004
260 _aLondon :
_bHodder Children's Books,
_c2004.
300 _a245 pages :
_c18cm
505 _aJ
520 _aSpook-trains in the dead of night! They seem to vanish into thin air - where do they go? The Famous Five follow the tracks - and discover a very unusual, underground destination!
521 8 _a480L
_bLexile
521 8 _aJ
_bRaz-Plus
650 _2Children
_aMystery
_vFamous Five
650 _2Fiction
_aAdventures
942 _2ddc
_cBK
_n0
999 _c4692
_d4692